[Event "III Festival Scacchi Verdi A"]
[Site "Bresso ITA"]
[Date "2003.06.08"]
[Round "5"]
[White "Arboscelli, Gregorio"]
[Black "Cardani, Roberto"]
[Result "1/2-1/2"]
[WhiteElo "1704"]
[BlackElo "1737"]
[PlyCount "55"]
[EventDate "2003.06.05"]

1. d4 Nf6 2. c4 g6 3. Nc3 Bg7 4. e4 d6 5. Be2 O-O 6. Nf3 e5 7. dxe5 dxe5 8.
Qxd8 Rxd8 9. Bg5 Re8 10. O-O-O Na6 11. Nd2 c6 12. f3 Be6 13. Nb3 h6 14. Be3 b6
15. Rd2 Red8 16. Rhd1 Rxd2 17. Rxd2 Bf8 18. a3 Kg7 19. Kc2 Be7 20. Nc1 Rd8 21.
Rxd8 Bxd8 22. b4 Nc7 23. c5 b5 24. Nb3 Bxb3+ 25. Kxb3 a6 26. Bd3 Nd7 27. Ne2
Ne6 28. g3 1/2-1/2

[Event "III Festival Scacchi Verdi A"]
[Site "Bresso ITA"]
[Date "2003.06.08"]
[Round "5"]
[White "Astengo, Marcello"]
[Black "Pelizzola, Danilo"]
[Result "0-1"]
[WhiteElo "2055"]
[BlackElo "1998"]
[PlyCount "84"]
[EventDate "2003.06.05"]

1. d4 Nf6 2. c4 e6 3. Nc3 Bb4 4. Qc2 d5 5. e3 O-O 6. Nf3 Nbd7 7. Be2 b6 8. O-O
Bb7 9. cxd5 exd5 10. Rd1 Re8 11. a3 Bf8 12. Bd2 c5 13. Rac1 c4 14. Qf5 g6 15.
Qh3 Ne4 16. Nxe4 Rxe4 17. Ng5 Qxg5 18. Qxd7 Qe7 19. Qa4 Qe8 20. Qc2 Bc6 21. Re1
Bh6 22. Bf3 Re6 23. Rcd1 Rd8 24. Rc1 a5 25. b3 cxb3 26. Qxb3 Bf8 27. Rc3 b5 28.
Bg4 f5 29. Bf3 b4 30. Rcc1 a4 31. Qb2 bxa3 32. Qa2 Qd7 33. Rc2 Rb8 34. Rec1 Rb2
35. Rxb2 axb2 36. Qxb2 Bb5 37. Rb1 Bc4 38. Qb8 Re8 39. Qb7 Qxb7 40. Rxb7 a3 41.
Bc3 Rc8 42. g3 Ba2 0-1

[Event "III Festival Scacchi Verdi A"]
[Site "Bresso ITA"]
[Date "2003.06.08"]
[Round "5"]
[White "Brunelli, Giovanni"]
[Black "Montani, Francesco"]
[Result "0-1"]
[WhiteElo "1729"]
[BlackElo "2219"]
[PlyCount "64"]
[EventDate "2003.06.05"]

1. e4 c5 2. Nf3 e6 3. d4 cxd4 4. Nxd4 a6 5. c4 Nf6 6. Nc3 d6 7. Be2 b6 8. O-O
Bb7 9. Qa4+ Nbd7 10. Bd3 Qc7 11. Be3 Be7 12. h3 O-O 13. Rac1 Rac8 14. f4 Nc5
15. Qd1 Nfxe4 16. Nxe4 Bxe4 17. Bxe4 Nxe4 18. Qf3 Qb7 19. f5 e5 20. Ne2 b5 21.
Ng3 Nc5 22. Qg4 f6 23. h4 bxc4 24. Rxc4 d5 25. Rb4 Qd7 26. Nh5 Rf7 27. Bh6 Bf8
28. Kh1 Ne4 29. Rb6 Rc4 30. Kh2 Nd2 31. Qe2 Nxf1+ 32. Qxf1 Rxh4+ 0-1

[Event "III Festival Scacchi Verdi A"]
[Site "Bresso ITA"]
[Date "2003.06.08"]
[Round "5"]
[White "De Santis, Alessio"]
[Black "Cazzaniga, Walter"]
[Result "1-0"]
[WhiteElo "2283"]
[BlackElo "2094"]
[PlyCount "81"]
[EventDate "2003.06.05"]

1. d4 Nf6 2. c4 g6 3. Nc3 Bg7 4. e4 d6 5. Be2 O-O 6. Bg5 h6 7. Be3 c5 8. d5 e6
9. Qd2 exd5 10. cxd5 h5 11. f3 Nbd7 12. Nh3 a6 13. a4 b6 14. Nf2 Qc7 15. O-O
Re8 16. b3 Bb7 17. Rac1 Qd8 18. Bg5 Qb8 19. h3 Kh7 20. g4 Kg8 21. Bh4 Bc8 22.
Kg2 Ra7 23. f4 hxg4 24. hxg4 c4 25. g5 Nh7 26. Bxc4 Nc5 27. b4 Nxa4 28. Nxa4 b5
29. Bb3 bxa4 30. Bxa4 Bd7 31. Bxd7 Rxd7 32. Bg3 Rb7 33. Rc4 Nf8 34. Rfc1 f6 35.
gxf6 Bxf6 36. Ng4 Bg7 37. e5 Rb5 38. R1c2 Qb7 39. Rc7 Qxd5+ 40. Qxd5+ Rxd5 41.
Rxg7+ 1-0

[Event "III Festival Scacchi Verdi A"]
[Site "Bresso ITA"]
[Date "2003.06.08"]
[Round "5"]
[White "Ljubisavljevic, Zivojin Z."]
[Black "Sbarra, Marco"]
[Result "1/2-1/2"]
[WhiteElo "2299"]
[BlackElo "2217"]
[PlyCount "90"]
[EventDate "2003.06.05"]

1. Nf3 d5 2. c4 e6 3. d4 c5 4. cxd5 exd5 5. Nc3 Nc6 6. Bf4 Nf6 7. e3 cxd4 8.
Nxd4 Bb4 9. Bb5 Bd7 10. O-O Bxc3 11. bxc3 Nxd4 12. Bxd7+ Qxd7 13. cxd4 O-O 14.
Be5 Ne4 15. f3 Nd6 16. Bxd6 Qxd6 17. Qd3 Rac8 18. Rad1 Rc4 19. e4 Rfc8 20. Rf2
b5 21. g3 Rc1 22. Kg2 Rxd1 23. Qxd1 Rc4 24. Rd2 h6 25. Qe2 Qe6 26. Qd3 a5 27.
Re2 dxe4 28. Rxe4 Qc8 29. Re2 b4 30. d5 Rc3 31. Qb5 Qf5 32. Rf2 Rc2 33. Qxa5
Rxf2+ 34. Kxf2 Qc2+ 35. Ke3 Qc3+ 36. Ke4 g6 37. Qa8+ Kg7 38. Qa7 Qe1+ 39. Qe3
Qb1+ 40. Qd3 f5+ 41. Ke3 Qxa2 42. d6 Qe6+ 43. Kf2 b3 44. d7 Qb6+ 45. Kg2 b2
1/2-1/2

[Event "III Festival Scacchi Verdi A"]
[Site "Bresso ITA"]
[Date "2003.06.08"]
[Round "5"]
[White "Rossi, Giampiero"]
[Black "Perissinotto, Claudio"]
[Result "1/2-1/2"]
[WhiteElo "2052"]
[BlackElo "2092"]
[PlyCount "68"]
[EventDate "2003.06.05"]

1. d4 Nf6 2. c4 g6 3. g3 Bg7 4. Bg2 O-O 5. Nc3 d6 6. Nf3 c5 7. O-O Nc6 8. dxc5
dxc5 9. Be3 Qa5 10. Qa4 Nd7 11. Qxa5 Nxa5 12. Nd2 Ne5 13. Rac1 Nexc4 14. Nxc4
Nxc4 15. Bxc5 Nxb2 16. Bxe7 Re8 17. Nd5 Be6 18. Nf6+ Bxf6 19. Bxf6 Nc4 20. Bxb7
Rab8 21. Bg2 Rb6 22. Bd4 Ra6 23. e3 Rxa2 24. Ra1 Rxa1 25. Rxa1 a5 26. Bf1 Ra8
27. Ra4 Nd2 28. Bg2 Rb8 29. h4 Nb3 30. Bc3 Rb5 31. Kh2 Rc5 32. Bd4 Nxd4 33.
exd4 Rc4 34. Rxa5 Rxd4 1/2-1/2

[Event "III Festival Scacchi Verdi A"]
[Site "Bresso ITA"]
[Date "2003.06.08"]
[Round "5"]
[White "Sanchez, Joseph"]
[Black "Dragojlovic, Andjelko"]
[Result "1/2-1/2"]
[WhiteElo "2342"]
[BlackElo "2335"]
[PlyCount "22"]
[EventDate "2003.06.05"]

1. e4 c5 2. Nc3 g6 3. f4 Bg7 4. Nf3 Nc6 5. Bc4 e6 6. O-O Nge7 7. d3 d5 8. Bb3
Na5 9. Ba4+ Nac6 10. Bb3 Na5 11. Ba4+ Nac6 1/2-1/2

[Event "III Festival Scacchi Verdi A"]
[Site "Bresso ITA"]
[Date "2003.06.08"]
[Round "6"]
[White "Cardani, Roberto"]
[Black "Brunelli, Giovanni"]
[Result "1-0"]
[WhiteElo "1737"]
[BlackElo "1729"]
[PlyCount "55"]
[EventDate "2003.06.05"]

1. e4 c5 2. c3 e6 3. Nf3 Nc6 4. d4 cxd4 5. cxd4 Nge7 6. d5 exd5 7. exd5 Qa5+ 8.
Nc3 Nb4 9. Bc4 b5 10. Bb3 d6 11. O-O Bd7 12. Bf4 Qc7 13. Rc1 Qb8 14. Re1 Kd8
15. Ng5 Be8 16. Qe2 a6 17. a3 h6 18. Nf3 g5 19. Bg3 f5 20. Nd4 Bf7 21. f4 Nbxd5
22. Nxd5 Bxd5 23. Bxd5 Qa7 24. Bf2 Ke8 25. Bc6+ Kf7 26. Qe6+ Kg7 27. Nxf5+ Nxf5
28. Bxa7 1-0

[Event "III Festival Scacchi Verdi A"]
[Site "Bresso ITA"]
[Date "2003.06.08"]
[Round "6"]
[White "Cazzaniga, Walter"]
[Black "Astengo, Marcello"]
[Result "0-1"]
[WhiteElo "2094"]
[BlackElo "2055"]
[PlyCount "48"]
[EventDate "2003.06.05"]

1. d4 d5 2. c4 e6 3. Nc3 c6 4. Nf3 Nf6 5. e3 Nbd7 6. Qc2 Be7 7. g4 h6 8. Rg1
Nh7 9. Bd2 Ng5 10. Be2 Nxf3+ 11. Bxf3 dxc4 12. O-O-O Qc7 13. Be2 b5 14. f4 a5
15. Be1 Nb6 16. Bg3 Nd5 17. Qd2 Qb6 18. e4 Nxc3 19. Qxc3 Ba6 20. d5 O-O 21. d6
Bxd6 22. g5 hxg5 23. fxg5 Bc5 24. Rg2 Rad8 0-1

[Event "III Festival Scacchi Verdi A"]
[Site "Bresso ITA"]
[Date "2003.06.08"]
[Round "6"]
[White "Montani, Francesco"]
[Black "Rossi, Giampiero"]
[Result "0-1"]
[WhiteElo "2219"]
[BlackElo "2052"]
[PlyCount "137"]
[EventDate "2003.06.05"]

1. d4 d5 2. Bg5 c6 3. e3 h6 4. Bh4 Qb6 5. Qc1 Bf5 6. Nf3 e6 7. Be2 Nd7 8. O-O
Ngf6 9. c4 Be7 10. Nc3 O-O 11. h3 Rfc8 12. c5 Qd8 13. Bg3 b5 14. b4 a5 15. a3
axb4 16. axb4 Rxa1 17. Qxa1 Ra8 18. Qb2 Qc8 19. Ra1 Bd8 20. Ra3 Rxa3 21. Qxa3
Qb7 22. Nd2 Ne8 23. Qa2 Bc7 24. Bxc7 Nxc7 25. Qa5 e5 26. Bg4 Bxg4 27. hxg4 exd4
28. exd4 Ne6 29. Ne2 Nb8 30. Qa3 Qa6 31. Qg3 Qa1+ 32. Kh2 Na6 33. Nf3 Qb2 34.
Qe5 Nxb4 35. Ng3 Qxf2 36. Nf5 Kh7 37. Ne7 Nxd4 38. Qxd4 Qxd4 39. Nxd4 Nd3 40.
Nb3 Ne5 41. Kg3 g5 42. Nf5 Kg6 43. Nfd4 h5 44. gxh5+ Kxh5 45. Na5 Nd7 46. Nb7
Ne5 47. Nd8 Nd7 48. Nb7 Ne5 49. Kh3 g4+ 50. Kg3 Kg5 51. Nd8 Nd3 52. Nxf7+ Kf6
53. Nh6 Nxc5 54. Nxg4+ Kg5 55. Nf3+ Kf5 56. Nd4+ Ke4 57. Nxc6 d4 58. Nf6+ Ke3
59. Nd5+ Ke4 60. Nf6+ Ke3 61. Kg4 d3 62. Nd5+ Kf2 63. Kh3 d2 64. Nc3 Ke3 65.
Nb4 Ne4 66. Nbd5+ Kd4 67. Nd1 Kxd5 68. g4 b4 69. Kg2 {...} 0-1

[Event "III Festival Scacchi Verdi A"]
[Site "Bresso ITA"]
[Date "2003.06.08"]
[Round "6"]
[White "Pelizzola, Danilo"]
[Black "Sanchez, Joseph"]
[Result "1/2-1/2"]
[WhiteElo "1998"]
[BlackElo "2342"]
[PlyCount "34"]
[EventDate "2003.06.05"]

1. e4 c5 2. Nf3 Nc6 3. d4 cxd4 4. Nxd4 Nf6 5. Nc3 e5 6. Ndb5 d6 7. Bg5 a6 8.
Na3 b5 9. Nd5 Be7 10. Bxf6 Bxf6 11. c3 O-O 12. Nc2 Rb8 13. Be2 Bg5 14. O-O g6
15. b4 Ne7 16. c4 Nxd5 17. cxd5 Bb7 1/2-1/2

[Event "III Festival Scacchi Verdi A"]
[Site "Bresso ITA"]
[Date "2003.06.08"]
[Round "6"]
[White "Perissinotto, Claudio"]
[Black "Arboscelli, Gregorio"]
[Result "1-0"]
[WhiteElo "2092"]
[BlackElo "1704"]
[PlyCount "103"]
[EventDate "2003.06.05"]

1. e4 c6 2. d4 d5 3. Nd2 dxe4 4. Nxe4 Bf5 5. Ng3 Bg6 6. h4 h6 7. Nf3 Nd7 8. h5
Bh7 9. Bd3 Bxd3 10. Qxd3 Qc7 11. Bd2 e6 12. O-O-O Ngf6 13. Ne4 Nxe4 14. Qxe4
Bd6 15. g3 O-O-O 16. c4 c5 17. Kb1 Kb8 18. Bc3 Nf6 19. Qe2 Rhe8 20. Ne5 Bxe5
21. dxe5 Ng8 22. Qg4 Rxd1+ 23. Rxd1 Rd8 24. Rc1 Qd7 25. b3 Qd3+ 26. Kb2 g6 27.
hxg6 Qxg6 28. Qxg6 fxg6 29. Kc2 h5 30. Rd1 Kc7 31. Rxd8 Kxd8 32. Kd3 Nh6 33. a3
Kd7 34. Ke4 Nf7 35. Bd2 a6 36. Be3 Kc6 37. b4 b6 38. f4 Nh6 39. Kd3 Nf5 40. Bf2
a5 41. bxa5 bxa5 42. a4 Ne7 43. Ke4 Nf5 44. Be1 Kb6 45. Bf2 Kc6 46. Kf3 Nd4+
47. Bxd4 cxd4 48. Ke4 Kc5 49. Kd3 Kb4 50. Kxd4 Kxa4 51. Kc3 Ka3 52. c5 1-0